000
00277nam a2200121Ia 4500
008
151213s9999 xx 000 0 und d
245
_a
Dhaka Law Report
260
_a
Dhaka
_b
Dhaka Law Report
_c
1994
300
_a
7255 p.
650
_a
Law
650
_a
Law Report
999
_c
3853
_d
3853